00678nam a2200169 a 450000100100000000500170001000800410002704000250006810000350009324500500012826000460017830000370022450501160026104900090037795201050038699900170049100002640520200930030215.0110316s1977 dr ad 000 0 spa d aDO-SdBNPbspacBNPHU1 aAlvarez, José Vicente95345013aEl mensaje impreso /cJosé Vicente Alvarez. aSanto Domingo :bEditorial Perfil,c1977. a470 P. :bil., gráf. ;c22 cm.2 aLa comunicación -- El planeamiento editorial -- La producción de obras didácticas -- Las artes gráficas aBNPD 0010718PDaPDbPDcCTd2011-03-16iLF1l0o p26405-10r2020-06-25w2020-06-25yLFPDZNo se presta c25897d25897